000
00207nam a2200097Ia 4500
008
240331s9999 xx 000 0 und d
082
_b
SAT
100
_a
Allaikal. ed
245
0
_a
Sathiyum varkamum
942
_c
L
999
_c
1512
_d
1512